00780nam a2200193 a 450000100100000000500170001000800410002702000150006804000250008310000450010824501150015326000270026830000320029549000400032771000490036783000470041695201060046399900170056900004219320201002040010.0131119s1982 sp a 000 0 spa d a8400052320 aDO-SdBNPbspacBNPHU1 aBlázquez, José Maríad1926-96860010aMosaicos romanos de la Real Academia de la Historia, Ciudad Real, Toledo, Madrid y Cuenca /cJ. M. Blázquez. aMadrid :bCSIC,c1982. a75 p. (50 lám.) ;c28 cm.1 aCorpus de mosaicos de España ;v52 aInstituto Español de Arqueología,968601 0aCorpus de mosaicos de España ;v5968602 0010507-18MOaGRbGRcOId2013-11-19iLF1l0o p42193-10r2020-06-25w2020-06-25y1ZNo se presta c41682d41682